[Event "RUS-ch Men Blitz 2019"]
[Site "Sochi"]
[Date "2019.10.17"]
[Round "1.30"]
[White "Levonyan, Karen"]
[Black "Potapov, Pavel"]
[Result "0-1"]
[WhiteElo "2010"]
[BlackElo "2489"]
[Annotator "RC"]
[PlyCount "108"]
[EventDate "2019.10.17"]
[EventType "swiss"]
[EventCountry "RUS"]
[SourceTitle "playchess.com"]
[Source "ChessBase"]
[SourceQuality "1"]
[TimeControl "180+2"]

1. b3 {[%emt 0:00:00]} e5 {[%emt 0:00:00]} 2. Bb2 {[%emt 0:00:01]} Nc6 {[%emt 0:00:01]} 3. e3 {[%emt 0:00:02]} d6 {[%emt 0:00:02]} 4. c4 {[%emt 0:00:15]} g6 {[%emt 0:00:03]} 5. d3 {[%emt 0:00:07]} Bg7 {[%emt 0:00:01]} 6. g3 {[%emt 0:00:02]} f5 {[%emt 0:00:03]} 7. Bg2 {[%emt 0:00:02]} Nf6 {[%emt 0:00:01]} 8. Nf3 {[%emt 0:00:11]} O-O {[%emt 0:00:03]} 9. O-O {[%emt 0:00:02]} h6 {[%emt 0:00:01]} 10. Nc3 {[%emt 0:00:15]} g5 {[%emt 0:00:03]} 11. e4 {[%emt 0:00:12]} f4 {[%emt 0:00:05]} 12. Nd5 {[%emt 0:00:22]} g4 {[%emt 0:00:06]} 13. Nd2 {[%emt 0:00:37]} f3 {[%emt 0:00:02]} 14. Bh1 {[%emt 0:00:02]} Nd4 {[%emt 0:00:07]} 15. Re1 {[%emt 0:00:11]} c6 {[%emt 0:00:07]} 16. Nxf6+ {[%emt 0:00:07]} Qxf6 {[%emt 0:00:02]} 17. Nf1 {[%emt 0:00:03]} h5 {[%emt 0:00:15]} 18. h4 {[%emt 0:00:29]} Be6 {[%emt 0:00:07]} 19. Ne3 {[%emt 0:00:08]} Bh6 {[%emt 0:00:02]} 20. Nc2 {[%emt 0:00:02]} c5 {[%emt 0:00:46]} 21. Nxd4 {[%emt 0:00:04]} exd4 {[%emt 0:00:10]} 22. Bc1 {[%emt 0:00:01]} Rab8 {[%emt 0:00:13]} 23. a4 {[%emt 0:00:01]} b6 {[%emt 0:00:02]} 24. Bd2 {[%emt 0:00:02]} a6 {[%emt 0:00:03]} 25. Qc1 {[%emt 0:00:01]} Kh7 {[%emt 0:00:12]} 26. Ra2 {[%emt 0:00:03]} Rf7 {[%emt 0:00:03]} 27. Kh2 {[%emt 0:00:03]} Re7 {[%emt 0:00:08]} 28. Bf4 {[%emt 0:00:01]} Bg8 {[%emt 0:00:09]} 29. Qd2 {[%emt 0:00:04]} Bxf4 {[%emt 0:00:15]} 30. Qxf4 {[%emt 0:00:01]} Qe5 {[%emt 0:00:01]} 31. a5 {[%emt 0:00:05]} b5 {[%emt 0:00:02]} 32. Rc1 {[%emt 0:00:07]} bxc4 {[%emt 0:00:04]} 33. bxc4 {[%emt 0:00:01]} Rf7 {[%emt 0:00:05]} 34. Qd2 {[%emt 0:00:03]} Rb4 {[%emt 0:00:11]} 35. Rcc2 {[%emt 0:00:01]} Rfb7 {[%emt 0:00:02]} 36. Rcb2 {[%emt 0:00:00]} Kg6 {[%emt 0:00:10]} 37. Rxb4 {[%emt 0:00:02]} cxb4 {[%emt 0:00:01]} 38. Rb2 {[%emt 0:00:05]} Qxa5 {[%emt 0:00:02]} 39. Qf4 {[%emt 0:00:01]} Qe5 {[%emt 0:00:07]} 40. Qf8 {[%emt 0:00:00]} Bf7 {[%emt 0:00:04]} 41. Ra2 {[%emt 0:00:01]} a5 {[%emt 0:00:03]} 42. Qd8 {[%emt 0:00:02]} Ra7 {[%emt 0:00:07]} 43. Qb8 {[%emt 0:00:01]} Qc5 {[%emt 0:00:02]} 44. Bxf3 {[%emt 0:00:06]} gxf3 {[%emt 0:00:01]} 45. g4 {[%emt 0:00:00]} hxg4 {[%emt 0:00:02]} 46. Kg1 {[%emt 0:00:05]} a4 {[%emt 0:00:01]} 47. Qh8 {[%emt 0:00:02]} b3 {[%emt 0:00:02]} 48. h5+ {[%emt 0:00:01]} Qxh5 {[%emt 0:00:01]} 49. Qb8 {[%emt 0:00:04]} Qc5 {[%emt 0:00:02]} 50. Ra1 {[%emt 0:00:02]} Ra5 {[%emt 0:00:05]} 51. Qd8 {[%emt 0:00:06]} a3 {[%emt 0:00:05]} 52. Qd7 {[%emt 0:00:02]} b2 {[%emt 0:00:02]} 53. Rb1 {[%emt 0:00:10]} a2 {[%emt 0:00:01]} 54. Qxg4+ {[%emt 0:00:03]} Qg5 {[%emt 0:00:01]} 0-1

[Event "RUS-ch Men Blitz 2019"]
[Site "Sochi"]
[Date "2019.10.17"]
[Round "1.31"]
[White "Samusenko, Maksim"]
[Black "Rudakov, Sergey S."]
[Result "0-1"]
[WhiteElo "2445"]
[BlackElo "1855"]
[Annotator "TA"]
[PlyCount "56"]
[EventDate "2019.10.17"]
[EventType "swiss"]
[EventCountry "RUS"]
[SourceTitle "playchess.com"]
[Source "ChessBase"]
[SourceQuality "1"]

{[%evp 17,70,12,38,35,46,53,74,63,76,73,72,48,108,78,108,93,109,65,77,25,79,67,105,54,70,31,43,27,34,32,37,27,70,47,64,26,141,85,125,115,121,133,181,48,51,40,39,26,27,13,237,230,677,-29995,-29996]} 1. d4 Nf6 2. Bf4 e6 3. e3 c5 4. c3 d5 5. Nd2 Nc6 6. Ngf3 Be7 7. h3 O-O 8. Bd3 a6 9. O-O b5 10. dxc5 {D02: 1 d4 d5 2 Nf3 sidelines, including 2...Nf6 3 g3 and 2...Nf6 3 Bf4} Bxc5 11. e4 Bb7 12. e5 {White is better.} Nh5 $146 ({Predecessor:} 12... Nd7 13. Bxh7+ Kxh7 14. Ng5+ Kg8 15. Qh5 Re8 16. Qxf7+ Kh8 17. Qh5+ Kg8 18. Qh7+ Kf8 19. Qh8+ Ke7 20. Qxg7# {1-0 (20) Haug,J (2355)-Nass,S (1966) Heinola 2018}) 13. Bh2 g6 14. a3 Ng7 (14... Bb6 $14) 15. Qe2 d4 16. Ne4 Be7 17. Rad1 dxc3 $1 18. Nxc3 (18. bxc3 $16 Qb6 19. Rfe1) 18... Qc7 (18... Qb6 $11 {remains equal.}) 19. Ne4 $16 {Black must now prevent Nf6+.} Qb6 20. Bf4 (20. Nd6 $16) 20... Nf5 21. Nf6+ Bxf6 $1 22. exf6 Ncd4 23. Nxd4 Qxd4 24. Be5 Qh4 25. Bxf5 exf5 26. Rd7 Be4 (26... Qe4 $11 {keeps the balance.} 27. Qxe4 Bxe4) 27. f3 (27. Qe3 $142) 27... Rfe8 28. Bc3 $36 {[%mdl 2048] Black is under strong pressure.} ({Not} 28. fxe4 Rxe5 29. Qd3 Rxe4 $15) 28... Bc6 {Played: Be4-d5} 0-1

[Event "RUS-ch Men Blitz 2019"]
[Site "Sochi"]
[Date "2019.10.17"]
[Round "2.1"]
[White "Shubin, Kirill"]
[Black "Morozevich, Alexander"]
[Result "0-1"]
[WhiteElo "2416"]
[BlackElo "2659"]
[Annotator "TA"]
[PlyCount "60"]
[EventDate "2019.10.17"]
[EventType "swiss"]
[EventCountry "RUS"]
[SourceTitle "playchess.com"]
[Source "ChessBase"]
[SourceQuality "1"]

{[%evp 9,73,23,24,12,25,4,22,0,0,0,-9,0,0,-9,14,0,0,-42,-44,-101,-108,-109,-116,-83,-50,-97,-69,-72,-64,-64,-50,-68,-43,-56,-33,-22,0,-83,-16,-77,-12,-30,-1,-82,-74,-97,-91,-235,-231,-371,-356,-679,-673,-637,-651,-845,-845,-845,-812,-1360,-1307,-1454,-1440,-1340,-1277,-1421]} 1. e4 g6 2. d4 Bg7 3. Nf3 d6 4. Nc3 Nf6 5. Be3 O-O 6. Bd3 {B08: Pirc Defence: Classical System} (6. Qd2 Nc6 7. d5 Nb8 8. Bh6 c6 9. Bxg7 Kxg7 10. O-O-O cxd5 11. exd5 Bg4 12. Be2 Nbd7 13. Rhe1 Rc8 14. Nd4 Bxe2 15. Rxe2 {0-1 (36) Giri,A (2780)-Xiong,J (2707) Khanty-Mansiysk 2019}) 6... Nc6 7. h3 e5 8. d5 {The position is equal.} Ne7 9. Qd2 c6 10. dxc6 bxc6 11. Bh6 Qc7 $146 ({Predecessor:} 11... Rb8 12. Bxg7 Kxg7 13. b3 Qc7 14. O-O Nh5 {0-1 (43) Cvetkovski,S (1885)-Vladimirov,V (2148) Skopje 2015}) 12. Bxg7 Kxg7 13. g4 Rb8 14. Rb1 (14. O-O-O $15) 14... d5 $17 15. O-O h5 16. g5 Nd7 17. h4 d4 18. Ne2 c5 {[#] aiming for ...c4.} 19. b3 $1 Nc6 20. c3 Nb6 21. cxd4 cxd4 22. Rbc1 Qd6 23. Nh2 (23. Rxc6 $11 Qxc6 24. Nxe5) 23... Bh3 (23... Nd7 $17) 24. Rfe1 (24. Rfd1 $11 {keeps the balance.}) 24... Rbc8 (24... Nb4 $17) 25. f4 $11 exf4 26. Qxf4 (26. Bb5 $1 $11) 26... Ne5 $36 {[%mdl 2048] Black is really pushing.} 27. Nf3 {[#]} Nbd7 $1 {And now ...f6 would win.} 28. Nxe5 (28. Nfxd4 $17 {was worth a try.} Bg4 29. Qe3) 28... Nxe5 $19 ({Not} 28... Qxe5 29. Qf2 $11) 29. Qg3 (29. Rxc8 {is the only way for White.} Rxc8 30. Rc1) 29... Bg4 30. Rcd1 $2 (30. Rxc8 Rxc8 31. Rf1) 30... f6 {Played: Ne5-f3} 0-1

[Event "RUS-ch Men Blitz 2019"]
[Site "Sochi"]
[Date "2019.10.20"]
[Round "2.2"]
[White "Yuffa, Daniil"]
[Black "Vakhlamov, Igor L."]
[Result "1-0"]
[WhiteElo "2577"]
[BlackElo "2428"]
[Annotator "ChessBase"]
[PlyCount "88"]
[EventDate "2019.10.17"]
[EventType "swiss"]
[EventCountry "RUS"]
[SourceTitle "playchess.com"]
[Source "ChessBase"]
[SourceQuality "1"]
[TimeControl "180+2"]

1. d4 {[%emt 0:00:00]} Nf6 {[%emt 0:00:00]} 2. c4 {[%emt 0:00:01]} e6 {[%emt 0:00:00]} 3. g3 {[%emt 0:00:01]} d5 {[%emt 0:00:01]} 4. Bg2 {[%emt 0:00:01]} Bb4+ {[%emt 0:00:02]} 5. Bd2 {[%emt 0:00:01]} Be7 {[%emt 0:00:00]} 6. Nf3 {[%emt 0:00:01]} O-O {[%emt 0:00:02]} 7. O-O {[%emt 0:00:02]} Nbd7 {[%emt 0:00:01]} 8. Nc3 {[%emt 0:00:02]} dxc4 {[%emt 0:00:03]} 9. e4 {[%emt 0:00:01]} c5 {[%emt 0:00:10]} 10. Bf4 {[%emt 0:00:06]} Nb6 {[%emt 0:00:13]} 11. a4 {[%emt 0:00:04]} cxd4 {[%emt 0:00:26]} 12. Qxd4 {[%emt 0:00:01]} Qxd4 {[%emt 0:00:09]} 13. Nxd4 {[%emt 0:00:02]} Nbd7 {[%emt 0:00:36]} 14. Nf3 {[%emt 0:00:52]} Nc5 {[%emt 0:00:05]} 15. Ne5 {[%emt 0:00:11]} Bd7 {[%emt 0:00:12]} 16. Nxc4 {[%emt 0:00:03]} Bc6 {[%emt 0:00:33]} 17. Na5 {[%emt 0:00:02]} Nd3 {[%emt 0:00:39]} 18. Be3 {[%emt 0:00:41]} Nxb2 {[%emt 0:00:14]} 19. Rab1 {[%emt 0:00:03]} Nd3 {[%emt 0:00:06]} 20. Nxb7 {[%emt 0:00:31]} Rac8 {[%emt 0:00:01]} 21. Rfd1 {[%emt 0:00:10]} Ne5 {[%emt 0:00:02]} 22. Nd6 {[%emt 0:00:10]} Bxd6 {[%emt 0:00:01]} 23. Rxd6 {[%emt 0:00:01]} Nc4 {[%emt 0:00:02]} 24. Rd3 {[%emt 0:00:06]} Nxe3 {[%emt 0:00:05]} 25. Rxe3 {[%emt 0:00:01]} Ng4 {[%emt 0:00:01]} 26. Ree1 {[%emt 0:00:07]} Ne5 {[%emt 0:00:02]} 27. f4 {[%emt 0:00:11]} Nc4 {[%emt 0:00:01]} 28. Nb5 {[%emt 0:00:03]} Bxb5 {[%emt 0:00:02]} 29. axb5 {[%emt 0:00:01]} Rfd8 {[%emt 0:00:03]} 30. e5 {[%emt 0:00:02]} g6 {[%emt 0:00:01]} 31. Rbc1 {[%emt 0:00:04]} Nb6 {[%emt 0:00:02]} 32. Rc6 {[%emt 0:00:02]} Nd5 {[%emt 0:00:04]} 33. Bxd5 {[%emt 0:00:06]} exd5 {[%emt 0:00:01]} 34. Ra1 {[%emt 0:00:07]} Rxc6 {[%emt 0:00:02]} 35. bxc6 {[%emt 0:00:01]} Rc8 {[%emt 0:00:02]} 36. Ra6 {[%emt 0:00:01]} Kf8 {[%emt 0:00:03]} 37. Kf2 {[%emt 0:00:01]} Rc7 {[%emt 0:00:03]} 38. Ke3 Ke7 39. Kd4 {[%emt 0:00:03]} Ke6 {[%emt 0:00:01]} 40. g4 {[%emt 0:00:01]} h6 {[%emt 0:00:04]} 41. f5+ {[%emt 0:00:04]} gxf5 {[%emt 0:00:01]} 42. gxf5+ {[%emt 0:00:00]} Kxf5 {[%emt 0:00:01]} 43. Kxd5 {[%emt 0:00:01]} Re7 {[%emt 0:00:04]} 44. Kd6 {[%emt 0:00:04]} Rxe5 {[%emt 0:00:07]} 1-0

[Event "RUS-ch Men Blitz 2019"]
[Site "Sochi"]
[Date "2019.10.17"]
[Round "2.2"]
[White "Tsydypov, Zhamsaran"]
[Black "Dudin, Gleb"]
[Result "1-0"]
[WhiteElo "2553"]
[BlackElo "2314"]
[Annotator "ChessBase"]
[PlyCount "75"]
[EventDate "2019.10.17"]
[EventType "swiss"]
[EventCountry "RUS"]
[SourceTitle "playchess.com"]
[Source "ChessBase"]
[SourceQuality "1"]
[TimeControl "180+2"]

1. e4 {[%emt 0:00:00]} g6 {[%emt 0:00:00]} 2. d4 {[%emt 0:00:01]} Bg7 {[%emt 0:00:01]} 3. Nc3 {[%emt 0:00:01]} d6 {[%emt 0:00:01]} 4. Be3 {[%emt 0:00:02]} a6 {[%emt 0:00:01]} 5. Qd2 {[%emt 0:00:02]} b5 {[%emt 0:00:01]} 6. h4 {[%emt 0:00:05]} h5 {[%emt 0:00:03]} 7. f3 {[%emt 0:00:02]} Bb7 {[%emt 0:00:01]} 8. Nh3 {[%emt 0:00:02]} Nd7 {[%emt 0:00:02]} 9. Ng5 {[%emt 0:00:18]} e6 {[%emt 0:00:14]} 10. O-O-O {[%emt 0:00:16]} Qe7 {[%emt 0:00:10]} 11. d5 {[%emt 0:00:06]} Ne5 {[%emt 0:00:40]} 12. Bd4 {[%emt 0:00:16]} Nf6 {[%emt 0:00:40]} 13. dxe6 {[%emt 0:00:13]} fxe6 {[%emt 0:00:02]} 14. Bxe5 {[%emt 0:00:13]} dxe5 {[%emt 0:00:02]} 15. g3 {[%emt 0:00:01]} Nh7 {[%emt 0:00:10]} 16. Nxh7 {[%emt 0:00:12]} Rxh7 {[%emt 0:00:02]} 17. Kb1 {[%emt 0:00:00]} Rd8 {[%emt 0:00:18]} 18. Bd3 {[%emt 0:00:09]} Bh6 {[%emt 0:00:18]} 19. Qg2 {[%emt 0:00:08]} Be3 {[%emt 0:00:13]} 20. g4 {[%emt 0:00:03]} hxg4 {[%emt 0:00:21]} 21. Qxg4 {[%emt 0:00:02]} Qf6 {[%emt 0:00:09]} 22. h5 {[%emt 0:00:14]} g5 {[%emt 0:00:09]} 23. a4 {[%emt 0:00:09]} c6 {[%emt 0:00:03]} 24. Be2 {[%emt 0:00:20]} Rxd1+ {[%emt 0:00:04]} 25. Rxd1 {[%emt 0:00:02]} Rd7 {[%emt 0:00:02]} 26. Rxd7 {[%emt 0:00:15]} Kxd7 {[%emt 0:00:00]} 27. axb5 {[%emt 0:00:01]} cxb5 {[%emt 0:00:04]} 28. Nd5 {[%emt 0:00:01]} Bxd5 {[%emt 0:00:02]} 29. exd5 {[%emt 0:00:01]} Kd6 {[%emt 0:00:01]} 30. Qe4 {[%emt 0:00:09]} Bc5 {[%emt 0:00:02]} 31. dxe6 {[%emt 0:00:04]} Qxe6 {[%emt 0:00:01]} 32. Qb7 {[%emt 0:00:04]} Qh3 {[%emt 0:00:04]} 33. Qxa6+ {[%emt 0:00:03]} Ke7 {[%emt 0:00:02]} 34. Qxb5 {[%emt 0:00:05]} Bd6 {[%emt 0:00:02]} 35. Qb7+ {[%emt 0:00:01]} Kf6 {[%emt 0:00:02]} 36. Bc4 {[%emt 0:00:02]} Qxh5 {[%emt 0:00:01]} 37. Qd7 {[%emt 0:00:05]} Qh1+ {[%emt 0:00:03]} 38. Ka2 {[%emt 0:00:02]} 1-0

[Event "RUS-ch Men Blitz 2019"]
[Site "Sochi"]
[Date "2019.10.17"]
[Round "2.3"]
[White "Kardashevskiy, Evgeny"]
[Black "Rublevsky, Sergei"]
[Result "0-1"]
[WhiteElo "2428"]
[BlackElo "2651"]
[Annotator "TA"]
[PlyCount "74"]
[EventDate "2019.10.17"]
[EventType "swiss"]
[EventCountry "RUS"]
[SourceTitle "playchess.com"]
[Source "ChessBase"]
[SourceQuality "1"]

{[%evp 14,80,32,0,-11,-5,2,0,0,-11,5,-11,-5,-12,-14,-19,-10,-40,-17,-17,-17,-21,-20,-20,-15,-24,-22,-18,0,-3,-4,-3,8,0,0,-20,1,0,22,0,0,-65,-61,-77,-26,-91,-98,-92,-67,-48,-43,-47,-26,-325,-339,-312,-302,-503,-503,-503,-495,-547,-545,-538,-527,-523,-511,-556,-552]} 1. d4 d5 2. Nf3 Nf6 3. c4 dxc4 4. e3 e6 5. Bxc4 a6 6. O-O b5 7. Be2 Bb7 8. Nc3 Nbd7 {D26: Queen's Gambit Accepted: 4 e3 e6 5 Bxc5 c5 sidelines} 9. b3 Be7 10. Bb2 O-O {The position is equal.} 11. Rc1 c5 12. dxc5 Nxc5 13. Qxd8 (13. Nd4 Rc8 14. Bf3 Bxf3 15. gxf3 {1-0 (22) Shankland,S (2705)-Ding,L (2811) chess.com INT 2019}) 13... Rfxd8 14. Rfd1 Rac8 15. Nd4 $146 ({Predecessor:} 15. Rxd8+ Bxd8 16. b4 {½-½ (26) Hanssen,G (2207)-Pert,R (2454) London 2012}) 15... g6 16. b4 Ncd7 {[%cal Bc5d7,Bd7b6,Bb6a4][%mdl 32]} 17. a3 Nb6 18. Nb3 Rxd1+ 19. Nxd1 Rxc1 20. Bxc1 Nfd5 21. e4 Nc7 22. f3 Na4 23. Be3 f5 24. exf5 gxf5 25. Bd4 Nd5 26. Nb2 Ndc3 27. Bxc3 (27. Kf2 $11) 27... Nxc3 $15 28. Bd3 Bd5 (28... Bf6 $17) 29. Nc5 {[#]} (29. Bc2 $1 $11) 29... a5 $1 $17 {[%mdl 512]} 30. Kf2 (30. bxa5 Bxc5+) 30... axb4 31. axb4 Bf6 32. Ke1 Bd4 {Strongly threatening ...Na2.} 33. Kd2 $2 {[%mdl 8192]} (33. Nd1 $11) 33... Na2 $1 $19 {[%csl LRb2,LRb4][%mdl 64] [#] Discovered Attack} 34. Nd1 Nxb4 35. Nd7 $2 (35. Nxe6 {is the only way for White.} Bxe6 36. Bxb5) 35... Bc6 {Black is clearly winning.} 36. Nb8 Be8 37. Nc3 Ba7 {Played: Bd4-e5} 0-1

[Event "RUS-ch Men Blitz 2019"]
[Site "Sochi"]
[Date "2019.10.20"]
[Round "2.3"]
[White "Tsoi, Dmitry"]
[Black "Khismatullin, Denis"]
[Result "0-1"]
[WhiteElo "2323"]
[BlackElo "2611"]
[Annotator "ChessBase"]
[PlyCount "74"]
[EventDate "2019.10.17"]
[EventType "swiss"]
[EventCountry "RUS"]
[SourceTitle "playchess.com"]
[Source "ChessBase"]
[SourceQuality "1"]
[TimeControl "180+2"]

1. f4 {[%emt 0:00:00]} c5 {[%emt 0:00:00]} 2. Nf3 {[%emt 0:00:00]} g6 {[%emt 0:00:02]} 3. g3 {[%emt 0:00:01]} Bg7 {[%emt 0:00:00]} 4. Bg2 Nc6 5. O-O {[%emt 0:00:02]} d6 {[%emt 0:00:01]} 6. d3 {[%emt 0:00:01]} e5 {[%emt 0:00:01]} 7. c3 {[%emt 0:00:05]} Nge7 {[%emt 0:00:03]} 8. e4 {[%emt 0:00:01]} O-O {[%emt 0:00:04]} 9. f5 {[%emt 0:00:01]} gxf5 {[%emt 0:00:01]} 10. Nh4 {[%emt 0:00:00]} fxe4 {[%emt 0:00:23]} 11. dxe4 {[%emt 0:00:02]} f6 {[%emt 0:00:13]} 12. Na3 {[%emt 0:00:09]} Be6 {[%emt 0:00:03]} 13. Nc2 {[%emt 0:00:03]} d5 {[%emt 0:00:11]} 14. exd5 {[%emt 0:00:01]} Bxd5 {[%emt 0:00:03]} 15. Bh3 {[%emt 0:00:11]} Bc4 {[%emt 0:00:15]} 16. Ne3 {[%emt 0:00:25]} Bxf1 {[%emt 0:00:31]} 17. Qxf1 {[%emt 0:00:02]} e4 {[%emt 0:00:12]} 18. Nef5 {[%emt 0:00:10]} Ne5 {[%emt 0:00:05]} 19. Be3 {[%emt 0:00:11]} Qc7 {[%emt 0:01:05]} 20. Qe2 {[%emt 0:00:20]} Rae8 {[%emt 0:00:06]} 21. Qh5 {[%emt 0:00:02]} N7g6 {[%emt 0:00:03]} 22. Rf1 {[%emt 0:00:08]} b6 {[%emt 0:00:03]} 23. Nxg7 {[%emt 0:00:04]} Qxg7 {[%emt 0:00:05]} 24. Nf5 {[%emt 0:00:09]} Qc7 {[%emt 0:00:03]} 25. Kg2 {[%emt 0:00:21]} Nf3 {[%emt 0:00:02]} 26. Qg4 {[%emt 0:00:31]} Kh8 {[%emt 0:00:02]} 27. Nh6 {[%emt 0:00:08]} Qg7 {[%emt 0:00:06]} 28. Nf5 {[%emt 0:00:05]} Qd7 {[%emt 0:00:00]} 29. Qh5 {[%emt 0:00:13]} Qd3 {[%emt 0:00:03]} 30. Bg4 {[%emt 0:00:09]} Nge5 {[%emt 0:00:04]} 31. Bh6 {[%emt 0:00:10]} Rf7 {[%emt 0:00:00]} 32. Bg7+ {[%emt 0:00:02]} Kg8 {[%emt 0:00:02]} 33. Bxf6 {[%emt 0:00:02]} Qe2+ {[%emt 0:00:07]} 34. Rf2 {[%emt 0:00:02]} Ne1+ {[%emt 0:00:02]} 35. Kh3 {[%emt 0:00:11]} Qxg4+ {[%emt 0:00:02]} 36. Qxg4+ {[%emt 0:00:01]} Nxg4 {[%emt 0:00:01]} 37. Bg5 {[%emt 0:00:05]} Nxf2+ {[%emt 0:00:02]} 0-1

[Event "RUS-ch Men Blitz 2019"]
[Site "Sochi"]
[Date "2019.10.17"]
[Round "2.4"]
[White "Ponkratov, Pavel"]
[Black "Keosidi, Konstantin"]
[Result "1-0"]
[WhiteElo "2621"]
[BlackElo "2400"]
[Annotator "TA"]
[PlyCount "67"]
[EventDate "2019.10.17"]
[EventType "swiss"]
[EventCountry "RUS"]
[SourceTitle "playchess.com"]
[Source "ChessBase"]
[SourceQuality "1"]

{[%evp 9,75,0,2,0,0,0,1,2,8,10,28,0,0,0,69,54,72,73,89,84,123,120,133,132,134,131,118,106,81,65,84,13,12,0,0,0,9,11,10,18,237,238,315,305,316,283,310,285,572,561,542,543,780,720,722,674,880,758,862,851,1582,1564,1515,1516,2785,2429,1394,1217]} 1. c4 e5 2. Nc3 Nc6 3. e3 g6 (3... Bb4 4. Qc2 Bxc3 5. dxc3 d6 6. e4 Be6 7. Bd3 Nf6 8. Ne2 Nd7 9. Ng3 Nc5 10. Be2 a5 11. Be3 b6 12. O-O {½-½ (20) Neiksans,A (2599)-Jakovenko,D (2718) Minsk 2017}) 4. h4 h6 $146 ({Predecessor:} 4... h5 5. d4 exd4 6. exd4 Bg7 7. Be3 Nge7 8. Nf3 d6 9. Qd2 Nf5 10. Bg5 f6 11. Bf4 {1-0 (30) Molano Lafuente,I (1940)-Arus Blanch,D (2052) Barbera del Valles 2016}) 5. h5 g5 6. d4 {A25: English Opening vs King's Indian with ...Nc6 but without early d3} exd4 7. exd4 d6 8. d5 {The position is equal.} Ne5 9. Be2 Bg7 10. f4 gxf4 11. Bxf4 Bf5 (11... Qe7 $1 $11) 12. Qd2 $14 Qd7 13. O-O-O a6 14. Nf3 Nxf3 15. gxf3 ({But not} 15. Bxf3 $6 O-O-O $14) 15... O-O-O 16. Rhg1 Bf6 17. Ne4 {aiming for Rxg8!} Bxe4 18. fxe4 {[#] And now Bg4 would win.} Kb8 19. Rdf1 Qe7 20. Bd3 (20. Qe3 $16) 20... Bd4 $11 21. Rg2 Nf6 22. Bc2 Bb6 23. Qe2 Rde8 {[%cal Rf6e4]} 24. Ba4 $36 {[%mdl 2048] White has the initiative.} Rd8 $2 {[#]} (24... Reg8 $11) 25. e5 $18 Ne8 26. exd6 Qxe2 27. dxc7+ ({Less strong is} 27. Rxe2 Nxd6 28. Bxd6 cxd6 $16) 27... Bxc7 28. Rxe2 Nd6 $2 (28... b5 {was worth a try.} 29. cxb5 Bxf4+ 30. Rxf4 axb5) 29. c5 {White is clearly winning.} Nb5 30. d6 Ba5 31. Bxb5 axb5 32. Re7 Ka7 33. a3 b4 34. axb4 {Played: Bf4-d2} 1-0

[Event "RUS-ch Men Blitz 2019"]
[Site "Sochi"]
[Date "2019.10.17"]
[Round "2.5"]
[White "Denishev, Marat"]
[Black "Shimanov, Aleksandr"]
[Result "0-1"]
[WhiteElo "2167"]
[BlackElo "2587"]
[Annotator "TA"]
[PlyCount "76"]
[EventDate "2019.10.17"]
[EventType "swiss"]
[EventCountry "RUS"]
[SourceTitle "playchess.com"]
[Source "ChessBase"]
[SourceQuality "1"]

{[%evp 24,88,-8,-18,-12,-18,0,-20,-9,-11,0,-30,-6,-5,0,0,66,0,0,0,0,0,0,0,0,0,0,0,0,0,0,-37,0,0,6,0,99,0,10,2,24,-92,14,10,14,0,0,-143,0,0,0,-282,-289,-568,-486,-750,-355,-354,-265,-881,-769,-6083,-1725,-29980,-12840,-29991,-29992]} 1. d4 Nf6 2. c4 e6 3. Nf3 d5 4. Nc3 dxc4 5. e3 a6 6. Bxc4 b5 7. Bb3 Bb7 8. O-O Nbd7 9. Qe2 c5 10. Rd1 Qb8 11. a3 Bd6 12. h3 O-O 13. Bc2 Rc8 {D48: Semi-Slav: Meran System: 7...b5 8 Bd3 a6} 14. dxc5 Nxc5 (14... Rxc5 15. e4 Bf4 16. Be3 Bxe3 17. Qxe3 Qc7 18. Ne1 Ne5 19. Nd3 Nxd3 20. Bxd3 Rc8 21. Bf1 {½-½ (81) Malakhov,V (2672)-Najer,E (2606) Moscow 2003}) 15. b4 Ncd7 {The position is equal.} 16. Bb2 Nb6 $146 ({Predecessor:} 16... Ne5 17. Nd2 Nd5 18. Nde4 Nxc3 19. Nxc3 {1-0 (60) Arabidze,M (2379)-Geldyeva,M (2220) Doha 2016}) 17. Ra2 Bxf3 18. Qxf3 Be5 19. Ne4 $1 Nfd5 (19... Bxb2 $11 20. Rxb2 Qe5 21. Nxf6+ Qxf6 22. Qxf6 gxf6) 20. Nc5 (20. Ng5 $1 $14 Nf6 21. Bxh7+ Kf8 22. Bd3) 20... Bxb2 $11 21. Rxb2 a5 22. e4 Nf6 23. Bd3 axb4 24. axb4 Na4 25. Rc2 Nxc5 26. bxc5 b4 27. Rb1 Qe5 28. c6 Ra3 29. Qe2 g5 {[#]} (29... b3 $11 {remains equal.} 30. Rc4 Ra1) 30. g3 (30. Qe3 $1 $16) 30... Qd4 31. Ba6 Rc7 {aiming for ...Rxg3+.} 32. Rd1 (32. Rc4 $11 Qa7 33. Rcxb4 Rxc6 34. Bd3) 32... Qb6 (32... Qxe4 $17 {And now ...Rxa6! would win.} 33. Qxe4 Nxe4) 33. Bb7 Rxg3+ 34. Kh2 Rc3 35. Rcd2 (35. e5 $11 {keeps the balance.} Ne8 36. Rd8) 35... Qc5 (35... h6 $17 36. Rd3 Qc5) 36. e5 $1 {[%cal Re5f6]} Nd5 {[#] Threatens to win with ...Rxh3+!} 37. Qg4 $2 {[%mdl 8192]} (37. Qh5 $11 Qe7 38. Qh6) 37... h6 $19 38. Rd4 $2 (38. Qd4) 38... b3 {Played: Rc3-c2} 0-1